000 00422pab a2200169 454500
008 180718b2017 xxu||||| |||| 00| 0 eng d
100 _aKaptan, Sanjay
245 _aRole of universities in 'Make in India"
260 _c2017
300 _ap.3-7.
362 _a23 Jan
650 _aUniversities - India
650 _aUniversities
700 _aKore, Anand Suryabhan
773 _aUniversity News
909 _a113753
999 _c113747
_d113747